000 01121nam a2200241 a 4500
001 BRCA_2355
005 20190320203754.0
008 231008r17631981mx-ah#####---#000-0#spa-#
041 _aspalat
044 _amx
050 4 _aF1231
_b.O24 1981
245 1 0 _aObelisco, que en la ciudad de la Puebla de los Angeles, celebrando la jura de nuestro rey, y Sr. D. Carlos III erigiò el nobilissimo, y leal gremio de sus plateros, quienes en esta estampa lo dedican, y consagran a su Magestad, por mano de su nobilissima ciudad.
260 _aMéxico
_bDirección de Monumentos Históricos : INAH : SEP
_c1981
300 _a1 v. (sin paginación)
_bil.
_c24 cm.
500 _aFacsímil de: Impreso en el Real Colegio de San Ignacio de dicha ciudad, 1763
546 _aTexto en español y latín
600 1 4 _aCarlos
_bIII
_cRey de España
_d1716-1788
_xMonumentos, etc.
_97059
650 1 4 _aClase obrera
_zMéxico
_97060
651 4 _aPuebla (México)
_xMonumentos
_97061
651 4 _aPuebla (México)
_xGremio de los plateros
_97062
710 2 _aColegio Real de San Ignacio de la Puebla de Los Ángeles
_97063
942 _2lcc
_cB
999 _c2096
_d2096